Management : (Record no. 2385)

MARC details
000 -LEADER
fixed length control field 01507cam a2200217 a 4500
020 ## - INTERNATIONAL STANDARD BOOK NUMBER
ISBN 0131441868
050 00 - CALL NUMBER
Classification number HD30.385
Item number .H869 2004
100 1# - AUTHOR
Personal name Hunsaker, Phillip L.
245 10 - TITLE
Title Management :
Remainder of title a skills approach /
Statement of responsibility, etc Phillip L. Hunsaker.
250 ## - EDITION
Edition statement 2nd ed.
260 ## - PUBLICATION INFORMATION
Place of publication Upper Saddle River, N.J. :
Name of publisher Pearson Prentice Hall,
Year of publication 2004.
300 ## - DESCRIPTION
Number of Pages xxvii, 540 :
Other physical details ill.
500 ## - NOTES
General note Rev. ed. of: Training in management skills. c2001.
505 ## - FORMATTED CONTENTS NOTE
Table of Content pt. I. Introduction --<br/>Ch. 1. Management skills and managerial effectiveness --<br/>Ch. 2. Self-awareness : understanding and developing yourself --<br/>pt. II. General integrative skills --<br/>Ch. 3. Interpersonal communication --<br/>Ch. 4. Valuing diversity --<br/>Ch. 5. Developing ethical guideposts --<br/>Ch. 6. Managing stress and time --<br/>pt. III. Planning and control skills --<br/>Ch. 7. Planning and goal setting --<br/>Ch. 8. Evaluating and controlling performance --<br/>Ch. 9. Creative problem solving --<br/>Ch. 10. Managing conflict --<br/>pt. IV. Organizing skills --<br/>Ch. 11. Designing work --<br/>Ch. 12. Diagnosing and modifying organizational culture --<br/>Ch. 13. Developing people --<br/>Ch. 14. Creating high-performing teams --<br/>pt. V. Leading skills --<br/>Ch. 15. Building a power base --<br/>Ch. 16. Leading --<br/>Ch. 17. Motivating others --<br/>Ch. 18. Managing organization change.
650 #0 - SUBJECTS
Topical Term Executives
General subdivision Training of.
650 #0 - SUBJECTS
Topical Term Management.
650 #0 - SUBJECTS
Topical Term Interpersonal communication.
650 #0 - SUBJECTS
Topical Term Organization.
700 1# - OTHER AUTHORS
Personal name Hunsaker, Phillip L.
942 ## - ADDED ENTRY ELEMENTS (KOHA)
Koha item type Books
Holdings
Withdrawn status Lost status Collection code Home library Current library Shelving location Date acquired Full call number Accession Number Koha item type
    Reference Methodist University Library Main Methodist University Library Main General Stacks 14/01/2013 HD30.385 .H869 2004 38252 Books
Copyright © 2026  MUG Library